World Leaders Wearing Funny Hats - Statistics

General Stats
  • This quiz has been taken 61 times
  • The average score is 19 of 28
Answer Stats
Picture Answer % Correct
Joe Biden
100%
Donald Trump
93%
Queen Elizabeth II
93%
Barack Obama
91%
Adolf Hitler
90%
Boris Johnson
90%
Kim Jong Un
90%
Vladimir Putin
84%
Nelson Mandela
81%
Margaret Thatcher
79%
Emmanuel Macron
74%
Joseph Stalin
74%
King Charles III
74%
Fidel Castro
69%
Saddam Hussein
69%
Justin Trudeau
67%
Muammar Gaddafi
67%
Winston Churchill
67%
George H.W. Bush
66%
Benito Mussolini
64%
Boris Yeltsin
55%
Charles De Gaulle
53%
Robert Mugabe
45%
Mikhail Gorbachev
43%
Silvio Berlusconi
36%
Yasser Arafat
26%
Manuel Noriega
24%
Deng Xiaoping
21%
No matching quizzes found
Score Distribution
Percent of People with Each Score
Percentile by Number Answered
Your Score History
You have not taken this quiz